frontiers / (Record no. 126729)

MARC details
000 -LEADER
fixed length control field 00634nam a22002297a 4500
005 - DATE AND TIME OF LATEST TRANSACTION
control field 20170124110014.0
010 ## - LIBRARY OF CONGRESS CONTROL NUMBER
LC control number A-543872
020 ## - INTERNATIONAL STANDARD BOOK NUMBER
Terms of availability 00.00
035 ## - SYSTEM CONTROL NUMBER
System control number A-543872
037 ## - SOURCE OF ACQUISITION
Source of stock number/acquisition Cen Lib/ Ret
040 ## - CATALOGING SOURCE
Original cataloging agency DPL
Language of cataloging EN
082 ## - DEWEY DECIMAL CLASSIFICATION NUMBER
Classification number 355.45
Item number DUN
100 ## - MAIN ENTRY--PERSONAL NAME
Personal name Dunbar, George
9 (RLIN) 18319
245 ## - TITLE STATEMENT
Title frontiers /
Statement of responsibility, etc by George Dunbar
260 ## - PUBLICATION, DISTRIBUTION, ETC. (IMPRINT)
Place of publication, distribution, etc New Delhi
Name of publisher, distributor, etc Omsons publications
Date of publication, distribution, etc 1984
270 ## - ADDRESS
City New Delhi
Address T-7, Rajouri garden
300 ## - PHYSICAL DESCRIPTION
Extent 320p.:
Dimensions 21cm(Hb)
Other physical details ill.
500 ## - GENERAL NOTE
General note Includes index
650 ## - SUBJECT ADDED ENTRY--TOPICAL TERM
Topical term or geographic name as entry element Social problems
9 (RLIN) 99291
650 ## - SUBJECT ADDED ENTRY--TOPICAL TERM
Topical term or geographic name as entry element British empire
9 (RLIN) 18321
942 ## - ADDED ENTRY ELEMENTS (KOHA)
Source of classification or shelving scheme Dewey Decimal Classification
Koha item type English Books
Classification part 355.45
Call number suffix DUN
Holdings
Withdrawn status Lost status Damaged status Not for loan Home library Current library Date acquired Source of acquisition Cost, normal purchase price Total Checkouts Full call number Barcode Date last seen Copy number Cost, replacement price Price effective from Koha item type Public note
Written off       Central Library Central Library 26/06/2015 Cen Lib/Ret 0.00   355.45 DUN A-543872 26/06/2015 1 0.00 15/09/2016 English Books W/d List No. 6891/14 ; dtd 14/09/2020

© Delhi Public Library
Hit Counter
free hit counter